[Event "VIE-ch (Women)"]
[Site "Hanoi"]
[Date "2024.03.13"]
[Round "4"]
[White "Nguyen, Thi Mai Hung"]
[Black "Pham, Tran Gia Thu"]
[Result "1/2-1/2"]
[WhiteElo "2218"]
[BlackElo "1853"]
[PlyCount "64"]
[EventDate "2024.03.11"]
[EventType "swiss"]
[EventRounds "9"]
[EventCountry "VIE"]
[SourceTitle "CBM 219 Extra"]
[Source "ChessBase"]
[SourceDate "2024.05.31"]
[SourceVersion "1"]
[SourceVersionDate "2024.05.31"]
[SourceQuality "1"]

1. d4 Nf6 2. Nf3 g6 3. Bg5 Bg7 4. Nbd2 d5 5. e3 0-0 6. Bd3 c5 7. c3 c4 8. Be2 Bf5 9. 0-0 Nc6 10. h3 Rc8 11. Re1 Qb6 12. Qc1 Rfe8 13. Bf4 a6 14. Ne5 Ne4 15. g4 Nxe5 16. dxe5 Be6 17. Qc2 Nxd2 18. Qxd2 f6 19. exf6 Bxf6 20. Bf3 Rcd8 21. Rad1 Bf7 22. Bg3 e5 23. Qc2 Qc5 24. Re2 b5 25. Red2 d4 26. exd4 exd4 27. cxd4 Rxd4 28. Rxd4 Bxd4 29. Qd2 Be5 30. Bxe5 Qxe5 31. a3 Qf6 32. Kg2 Rf8 1/2-1/2

[Event "VIE-ch (Women)"]
[Site "Hanoi"]
[Date "2024.03.11"]
[Round "1"]
[White "Nguyen, Thanh Huong"]
[Black "Pham, Tran Gia Thu"]
[Result "0-1"]
[WhiteElo "1536"]
[BlackElo "1853"]
[PlyCount "99"]
[EventDate "2024.03.11"]
[EventType "swiss"]
[EventRounds "9"]
[EventCountry "VIE"]
[SourceTitle "CBM 219 Extra"]
[Source "ChessBase"]
[SourceDate "2024.05.31"]
[SourceVersion "1"]
[SourceVersionDate "2024.05.31"]
[SourceQuality "1"]

1. e4 c5 2. Nf3 Nc6 3. d4 cxd4 4. Nxd4 g6 5. c4 Bg7 6. Be3 Nf6 7. Nc3 d6 8. Be2 0-0 9. 0-0 Bd7 10. Rc1 Nxd4 11. Bxd4 Bc6 12. f3 Nd7 13. Bxg7 Kxg7 14. Qd4+ Kg8 15. Kh1 a5 16. Rfd1 a4 17. f4 Qa5 18. Nd5 Bxd5 19. cxd5 Rac8 20. Bg4 Rc7 21. Rxc7 Qxc7 22. Qxa4 Nf6 23. Bh3 Qc5 24. Qd4 Qc2 25. Re1 Ra8 26. e5 Ra4 27. b4 Ne8 28. Qb6 Qd2 29. Rg1 Qxa2 30. Bd7 Ra8 31. Bxe8 Rxe8 32. Qxb7 dxe5 33. fxe5 Rd8 34. d6 exd6 35. exd6 Qd2 36. b5 Qxd6 37. Qa6 Qb4 38. Rc1 Qb2 39. Re1 Rb8 40. h3 Qxb5 41. Qxb5 Rxb5 42. Kh2 Rb3 43. Rf1 Rb2 44. Kg3 Kg7 45. h4 f5 46. Kh3 Kf6 47. Rf3 h5 48. Re3 Rb6 49. Re8 Rd6 50. g3 0-1

[Event "VIE-ch (Women)"]
[Site "Vung Tau"]
[Date "2023.03.05"]
[Round "4"]
[White "Pham, Tran Gia Thu"]
[Black "Nguyen, Hong Ngoc"]
[Result "1/2-1/2"]
[WhiteElo "1729"]
[BlackElo "1905"]
[PlyCount "54"]
[EventDate "2023.03.03"]
[EventType "swiss"]
[EventRounds "9"]
[EventCountry "VIE"]
[SourceTitle "EXT 2024"]
[Source "ChessBase"]
[SourceDate "2023.10.10"]
[SourceVersion "1"]
[SourceVersionDate "2023.10.10"]
[SourceQuality "1"]

1. d4 f5 2. Nf3 Nf6 3. g3 g6 4. Bg2 Bg7 5. b3 d6 6. Bb2 0-0 7. c4 c6 8. 0-0 Ne4 9. Nbd2 a5 10. Qc2 Nxd2 11. Qxd2 e6 12. a3 Nd7 13. b4 Nf6 14. Rfd1 Ne4 15. Qc2 Qe7 16. Nd2 Nxd2 17. Qxd2 axb4 18. axb4 Bd7 19. h3 h5 20. Rxa8 Rxa8 21. Ra1 Rxa1+ 22. Bxa1 e5 23. dxe5 dxe5 24. c5 Be6 25. e4 Qd7 26. Bc3 Qxd2 27. Bxd2 Kf7 1/2-1/2

[Event "Hanoi op (Women)"]
[Site "Hanoi"]
[Date "2022.08.23"]
[Round "4"]
[White "Pham, Tran Gia Thu"]
[Black "Tran, Le Dan Thuy"]
[Result "0-1"]
[WhiteElo "1630"]
[BlackElo "1992"]
[PlyCount "70"]
[EventDate "2022.08.20"]
[EventType "swiss"]
[EventRounds "9"]
[EventCountry "VIE"]
[SourceTitle "CBM 209 Extra"]
[Source "ChessBase"]
[SourceDate "2022.09.30"]
[SourceVersion "1"]
[SourceVersionDate "2022.09.30"]
[SourceQuality "1"]

1. c4 e5 2. g3 Nf6 3. Bg2 Bc5 4. Nc3 0-0 5. e3 Re8 6. Nge2 Nc6 7. 0-0 Bf8 8. d4 exd4 9. Nxd4 g6 10. b3 Bg7 11. Bb2 a6 12. h3 Nxd4 13. Qxd4 Ne4 14. Qd3 Nxc3 15. Bxc3 d6 16. Bxg7 Kxg7 17. c5 dxc5 18. Qc3+ Kg8 19. Qxc5 Qe7 20. Qc3 Qe5 21. Qxe5 Rxe5 22. Rfd1 Kf8 23. Rac1 c6 24. Rd8+ Re8 25. Rxe8+ Kxe8 26. Rxc6 Bxh3 27. Rc7 Bxg2 28. Kxg2 b5 29. Rb7 h5 30. Kf3 Kf8 31. Rb6 Kg7 32. b4 Ra7 33. a3 Ra8 34. Kf4 Ra7 35. Kf3 Ra8 0-1

[Event "Hanoi op (Women)"]
[Site "Hanoi"]
[Date "2022.08.22"]
[Round "3"]
[White "Tran, Thi Nhu Y"]
[Black "Pham, Tran Gia Thu"]
[Result "1/2-1/2"]
[WhiteElo "1936"]
[BlackElo "1630"]
[PlyCount "91"]
[EventDate "2022.08.20"]
[EventType "swiss"]
[EventRounds "9"]
[EventCountry "VIE"]
[SourceTitle "CBM 209 Extra"]
[Source "ChessBase"]
[SourceDate "2022.09.30"]
[SourceVersion "1"]
[SourceVersionDate "2022.09.30"]
[SourceQuality "1"]

1. e4 c5 2. Nf3 Nc6 3. d4 cxd4 4. Nxd4 Nf6 5. Nc3 g6 6. Be3 Bg7 7. Be2 0-0 8. Qd2 d5 9. exd5 Nxd5 10. Nxd5 Qxd5 11. Bf3 Qc4 12. b3 Qa6 13. Be2 Qa3 14. c3 Nxd4 15. cxd4 Bf5 16. 0-0 Rac8 17. Rac1 Be4 18. f3 Bc6 19. Rc5 Rfd8 20. Rfc1 e6 21. Bb5 Bf8 22. R5c2 Qd6 23. Bxc6 Rxc6 24. Rxc6 bxc6 25. Qa5 Rd7 26. Qa6 Rc7 27. g3 Bg7 28. Rc4 h5 29. Kf2 e5 30. dxe5 Bxe5 31. Qa5 Rd7 32. Qc5 Qe6 33. Kg2 Bf6 34. Qxc6 Qxe3 35. Qxf6 Rd2+ 36. Kh3 Qe8 37. a4 Qd7+ 38. g4 hxg4+ 39. Rxg4 Qd3 40. Rh4 Qf1+ 41. Kg4 Rg2+ 42. Kf4 g5+ 43. Ke5 gxh4 44. Qd8+ Kh7 45. Qxh4+ Kg6 46. Qf6+ 1/2-1/2

[Event "VIE-ch U20 Girls"]
[Site "Ho Chi Minh City"]
[Date "2022.07.13"]
[Round "4"]
[White "Nguyen, Ngoc Bich Chan"]
[Black "Pham, Tran Gia Thu"]
[Result "0-1"]
[WhiteElo "2066"]
[BlackElo "2074"]
[PlyCount "80"]
[EventDate "2022.07.11"]
[EventType "swiss"]
[EventRounds "9"]
[EventCountry "VIE"]
[SourceTitle "EXT 2023"]
[Source "ChessBase"]
[SourceDate "2022.10.05"]
[SourceVersion "1"]
[SourceVersionDate "2022.10.05"]
[SourceQuality "1"]

1. d4 f5 2. Nf3 g6 3. g3 Nf6 4. Bg2 Bg7 5. 0-0 d6 6. b3 0-0 7. Bb2 Qe8 8. c4 c6 9. Qc2 h6 10. h4 Nbd7 11. Nbd2 e5 12. e4 fxe4 13. Nxe4 Nxe4 14. Qxe4 Nf6 15. Qe2 e4 16. Nd2 d5 17. cxd5 cxd5 18. Rac1 Bd7 19. Rc2 Bb5 20. Nc4 dxc4 21. bxc4 Bd7 22. Re1 Bf5 23. Rd2 Qd7 24. d5 b6 25. Qe3 Rae8 26. Ba3 Rf7 27. d6 Ng4 28. Qb3 Ne5 29. Ra1 Nd3 30. Rf1 Bd4 31. Kh2 Bc5 32. f4 Bxd6 33. Bxd6 Qxd6 34. Rfd1 Qf6 35. a3 Kh7 36. a4 Rd7 37. Qb5 Red8 38. a5 e3 39. Re2 Bg4 40. Rxd3 Rxd3 0-1

[Event "VIE-ch U20 Girls"]
[Site "Ho Chi Minh City"]
[Date "2022.07.11"]
[Round "1"]
[White "Pham, Tran Gia Thu"]
[Black "Nguyen, Thi Ngoc Han"]
[Result "0-1"]
[WhiteElo "2074"]
[BlackElo "2065"]
[PlyCount "78"]
[EventDate "2022.07.11"]
[EventType "swiss"]
[EventRounds "9"]
[EventCountry "VIE"]
[SourceTitle "EXT 2023"]
[Source "ChessBase"]
[SourceDate "2022.10.05"]
[SourceVersion "1"]
[SourceVersionDate "2022.10.05"]
[SourceQuality "1"]

1. e4 c5 2. Nc3 d6 3. d4 cxd4 4. Qxd4 Nf6 5. b3 g6 6. Bb2 Bg7 7. 0-0-0 0-0 8. Qd2 Nc6 9. f4 a6 10. Nf3 b5 11. Bd3 Bb7 12. Rhg1 Qc7 13. Kb1 Rac8 14. g4 e6 15. g5 Nh5 16. Ne2 Rfd8 17. Ng3 Nxg3 18. hxg3 Bxb2 19. Kxb2 d5 20. exd5 Rxd5 21. Rh1 Nd4 22. Nxd4 Rxd4 23. Rh2 b4 24. Qe1 Qc3+ 25. Qxc3 bxc3+ 26. Kc1 Rcd8 27. Re1 a5 28. Rhe2 a4 29. Re3 axb3 30. axb3 Bd5 31. Be4 Ra8 32. Kb1 Rc8 33. Bxd5 exd5 34. Kc1 Kg7 35. Rd1 Ra8 36. Rxc3 Ra1+ 37. Kb2 Rdxd1 38. Rc7 d4 39. Rd7 Rdb1# 0-1

[Event "Eastern Asia-ch U18 Girls"]
[Site "Tornelo INT"]
[Date "2021.10.22"]
[Round "1"]
[White "Nguyen, Thi Ngoc Han"]
[Black "Pham, Tran Gia Thu"]
[Result "0-1"]
[WhiteElo "1210"]
[BlackElo "1629"]
[PlyCount "96"]
[EventDate "2021.10.22"]
[EventType "swiss"]
[EventRounds "9"]
[EventCountry "NET"]
[SourceTitle "EXT 2023"]
[Source "ChessBase"]
[SourceDate "2022.10.05"]
[SourceVersion "1"]
[SourceVersionDate "2022.10.05"]
[SourceQuality "1"]

1. e4 c5 2. Nf3 d6 3. d4 cxd4 4. Nxd4 Nf6 5. Nc3 a6 6. Bg5 e6 7. f4 Be7 8. Qf3 Nbd7 9. 0-0-0 Qc7 10. g4 b5 11. a3 Bb7 12. Rg1 0-0-0 13. Kb1 Kb8 14. Qe3 Rhe8 15. f5 e5 16. Nb3 h6 17. Bxf6 Nxf6 18. Bxb5 axb5 19. Nxb5 Qc6 20. Qa7+ Kc8 21. Qa5 Kb8 22. Rge1 Nd7 23. Rd3 Qb6 24. Qxb6 Nxb6 25. Na5 Bh4 26. Red1 Bxe4 27. Rxd6 Nc8 28. Rxd8 Rxd8 29. Rxd8 Bxd8 30. Nc4 f6 31. Nd2 Bc6 32. Nc3 Nb6 33. b4 Na4 34. Nce4 Bb6 35. c4 Bd4 36. Kc2 Kc7 37. Kb3 Nb2 38. b5 Bxe4 39. Nxe4 Nd3 40. Ng3 Nc5+ 41. Kb4 e4 42. Ne2 Nd3+ 43. Kb3 Be5 44. a4 Kb6 45. h3 Nf4 46. Nc1 e3 47. Kb4 Bd6+ 48. Kc3 e2 0-1

[Event "Eastern Asia-ch U18 Girls"]
[Site "Tornelo INT"]
[Date "2021.10.22"]
[Round "3"]
[White "Pham, Tran Gia Thu"]
[Black "Huynh, Ngoc Anh Thu"]
[Result "1/2-1/2"]
[WhiteElo "1629"]
[BlackElo "1469"]
[PlyCount "115"]
[EventDate "2021.10.22"]
[EventType "swiss"]
[EventRounds "9"]
[EventCountry "NET"]
[SourceTitle "EXT 2023"]
[Source "ChessBase"]
[SourceDate "2022.10.05"]
[SourceVersion "1"]
[SourceVersionDate "2022.10.05"]
[SourceQuality "1"]

1. d4 e5 2. e3 e4 3. c4 Nf6 4. Nc3 Bb4 5. Nge2 d5 6. Ng3 Bg4 7. Be2 h5 8. 0-0 Bxc3 9. bxc3 Nc6 10. Ba3 Qd7 11. f3 h4 12. fxg4 hxg3 13. h3 dxc4 14. Bxc4 0-0-0 15. Qe1 Nd5 16. Bxd5 Qxd5 17. Qxg3 g6 18. Rfc1 Qg5 19. c4 f5 20. d5 Ne5 21. Bb2 Nd3 22. Bxh8 Nxc1 23. Rxc1 Rxh8 24. Qf4 Qxf4 25. exf4 fxg4 26. hxg4 Rh4 27. Re1 Rxg4 28. Rxe4 g5 29. Re8+ Kd7 30. Re5 Rxf4 31. c5 Rc4 32. c6+ bxc6 33. Rxg5 Ra4 34. dxc6+ Kxc6 35. g4 Rxa2 36. Rg8 Kd6 37. Kf1 a5 38. Ke1 a4 39. Kd1 a3 40. Kc1 Rb2 41. Ra8 Rg2 42. Rxa3 Rxg4 43. Kc2 Kc5 44. Ra8 Rg3 45. Rc8 c6 46. Rc7 Kb5 47. Rb7+ Kc4 48. Rf7 Rg2+ 49. Kc1 c5 50. Rf3 Kb4 51. Rh3 c4 52. Rf3 Ra2 53. Rh3 Rg2 54. Rf3 Rg4 55. Kc2 c3 56. Rf8 Rg2+ 57. Kc1 Rg4 58. Kc2 1/2-1/2

[Event "World Cup U18 Girls Prel"]
[Site "Tornelo INT"]
[Date "2021.08.01"]
[Round "8"]
[White "Pham, Tran Gia Thu"]
[Black "Rodriguez Redondo, Adhara"]
[Result "1/2-1/2"]
[WhiteElo "1630"]
[BlackElo "2138"]
[PlyCount "173"]
[EventDate "2021.08.01"]
[EventType "swiss (rapid)"]
[EventRounds "10"]
[EventCountry "NET"]
[SourceTitle "EXT 2024"]
[Source "ChessBase"]
[SourceDate "2023.10.10"]
[SourceVersion "1"]
[SourceVersionDate "2023.10.10"]
[SourceQuality "1"]

1. d4 d5 2. Nf3 Nf6 3. Bg5 Nbd7 4. e3 h6 5. Bh4 e6 6. Bd3 c5 7. c3 Be7 8. Nbd2 b6 9. a4 Bb7 10. 0-0 0-0 11. Qb1 Rc8 12. Re1 a5 13. Bg3 Nh5 14. e4 Nxg3 15. hxg3 cxd4 16. Nxd4 dxe4 17. Bxe4 Bxe4 18. Nxe4 Nc5 19. Qc2 Nxe4 20. Qxe4 Bc5 21. Rad1 Qg5 22. Qf4 Qxf4 23. gxf4 Rfd8 24. Nb5 Be7 25. Na7 Rc4 26. Rxd8+ Bxd8 27. Rd1 Bf6 28. g3 Rxa4 29. Rd6 Ra1+ 30. Kg2 Rb1 31. Rd2 a4 32. Nb5 Be7 33. Kf3 Bc5 34. Ke2 Kf8 35. Kd3 Ke7 36. Kc2 Rf1 37. Nd4 Bxd4 38. cxd4 Kd6 39. Kd3 Kd5 40. Ke3 Rc1 41. Kd3 b5 42. Re2 f6 43. Rd2 b4 44. g4 a3 45. bxa3 Rc3+ 46. Ke2 Rxa3 47. Rb2 b3 48. Kd3 g6 49. f3 h5 50. gxh5 gxh5 51. Kc3 Ra4 52. Rxb3 Rc4+ 53. Kd3 Rxd4+ 54. Ke3 Ra4 55. Rb5+ Kd6 56. Rxh5 Rb4 57. Ra5 Rb3+ 58. Kf2 Rc3 59. Rh5 Rc5 60. Rh8 Rf5 61. Ke3 Rb5 62. Rd8+ Ke7 63. Ra8 f5 64. Ra7+ Kf6 65. Ra8 Rb3+ 66. Kf2 Ke7 67. Ra7+ Kd6 68. Ra5 Rc3 69. Kg3 Rc7 70. Rb5 Rg7+ 71. Kf2 Rh7 72. Ra5 Rh2+ 73. Kg3 Rc2 74. Rb5 Ke7 75. Rb7+ Kf6 76. Rb6 Re2 77. Ra6 Kg6 78. Rb6 Kh5 79. Rb8 e5 80. fxe5 Rxe5 81. Kf4 Ra5 82. Rg8 Kh6 83. Rg1 Rb5 84. Rg2 Ra5 85. Rg1 Rb5 86. Rg2 Ra5 87. Rg1 1/2-1/2

[Event "VIE Cup (Women)"]
[Site "Hanoi"]
[Date "2021.??.??"]
[Round "2"]
[White "Pham, Tran Gia Thu"]
[Black "Tran, Ly Ngan Chau"]
[Result "1-0"]
[WhiteElo "1630"]
[BlackElo "2355"]
[PlyCount "73"]
[EventDate "2021.05.03"]
[EventType "swiss"]
[EventRounds "9"]
[EventCountry "VIE"]
[SourceTitle "EXT 2022"]
[Source "ChessBase"]
[SourceDate "2021.10.06"]
[SourceVersion "1"]
[SourceVersionDate "2021.10.06"]
[SourceQuality "1"]

1. d4 d5 2. Nf3 Nc6 3. Bf4 Nf6 4. e3 Bf5 5. c4 e6 6. Nc3 Bb4 7. Bd3 Ne4 8. Bxe4 Bxe4 9. 0-0 Bxc3 10. bxc3 dxc4 11. Ne5 Nxe5 12. Bxe5 0-0 13. Qg4 Bg6 14. h4 h5 15. Qg3 Rc8 16. e4 Kh7 17. f3 f6 18. Bf4 b5 19. Rfb1 a6 20. a4 c6 21. Bd6 Re8 22. axb5 axb5 23. Ra7 Qb6 24. Rba1 Qd8 25. Rxg7+ Kxg7 26. Ra7+ Re7 27. Rxe7+ Qxe7 28. Bxe7 Re8 29. Qc7 Bf7 30. Bd6 Kg8 31. Qxc6 Kg7 32. Qxb5 Rc8 33. Bc5 e5 34. d5 Rd8 35. Qxc4 Rc8 36. Qb5 Be8 37. Qb7+ 1-0

[Event "Hanoi HD Bank op-B 8th"]
[Site "Hanoi"]
[Date "2018.03.12"]
[Round "5"]
[White "Pham, Tran Gia Thu"]
[Black "Doan, Thi Van Anh"]
[Result "0-1"]
[WhiteElo "1586"]
[BlackElo "2038"]
[PlyCount "94"]
[EventDate "2018.03.10"]
[EventType "swiss"]
[EventRounds "9"]
[EventCountry "VIE"]
[SourceTitle "CBM 183 Extra"]
[Source "ChessBase"]
[SourceDate "2018.04.19"]
[SourceVersion "1"]
[SourceVersionDate "2018.04.19"]
[SourceQuality "1"]

1. d4 d5 2. c4 c6 3. g3 e6 4. Bg2 dxc4 5. Nf3 b5 6. 0-0 Nf6 7. a4 Bb7 8. Ne5 a6 9. Nc3 Qc8 10. e4 Be7 11. Be3 0-0 12. Qc2 Nbd7 13. Nxd7 Nxd7 14. f4 b4 15. Ne2 a5 16. Qxc4 Ba6 17. Qc2 c5 18. Rf2 c4 19. e5 Rb8 20. f5 exf5 21. Rxf5 Bb7 22. Bxb7 Rxb7 23. Qe4 Nb6 24. Raf1 Nxa4 25. Bc1 c3 26. bxc3 Nxc3 27. Nxc3 bxc3 28. Qd5 Bb4 29. e6 fxe6 30. Rxf8+ Bxf8 31. Qxa5 Rf7 32. Rxf7 Kxf7 33. Qb5 Kg8 34. Qe5 Qc4 35. Qe3 Be7 36. Kg2 Bf6 37. Qe4 Kf7 38. Qb7+ Ke8 39. Qa8+ Kd7 40. Qb7+ Qc7 41. Qb4 Qc6+ 42. Kh3 Ke8 43. Qb8+ Kf7 44. Qa7+ Kg6 45. Qc5 Qh1 46. Bf4 Qf1+ 47. Kg4 e5 0-1

[Event "VIE-chT (Women)"]
[Site "Ho Chi Minh City"]
[Date "2017.07.28"]
[Round "7.26"]
[White "Pham, Tran Gia Thu"]
[Black "Nguyen, Huu Bich Khoa"]
[Result "1-0"]
[WhiteElo "1587"]
[BlackElo "1919"]
[PlyCount "63"]
[EventDate "2017.07.24"]
[EventType "team-swiss"]
[EventRounds "9"]
[EventCountry "VIE"]
[SourceTitle "EXT 2019"]
[Source "ChessBase"]
[SourceDate "2018.10.10"]
[SourceVersion "1"]
[SourceVersionDate "2018.10.10"]
[SourceQuality "1"]

1. e4 e5 2. Nf3 Nc6 3. Bb5 a6 4. Bxc6 dxc6 5. Nc3 Bd6 6. d4 exd4 7. Qxd4 f6 8. Be3 Ne7 9. 0-0-0 Bg4 10. h3 Bxf3 11. gxf3 Qd7 12. f4 c5 13. Qd2 0-0-0 14. Qe2 Qe6 15. f5 Qf7 16. Kb1 Nc6 17. Na4 Qe7 18. f3 Kb8 19. a3 Ne5 20. Rd5 c6 21. Rd2 b5 22. Rxd6 Qxd6 23. Nxc5 a5 24. Ne6 Rd7 25. Qe1 Nc4 26. Bf4 Ne5 27. Qxa5 Re8 28. Rg1 Rxe6 29. fxe6 Qxe6 30. Qb6+ Rb7 31. Qd8+ Ka7 32. Be3+ 1-0

[Event "Hanoi Pooltech op 2nd"]
[Site "Hanoi"]
[Date "2017.02.19"]
[Round "3"]
[White "Nguyen, Huu Hoang Anh"]
[Black "Pham, Tran Gia Thu"]
[Result "1-0"]
[WhiteElo "2025"]
[BlackElo "1621"]
[PlyCount "69"]
[EventDate "2017.02.17"]
[EventType "swiss"]
[EventRounds "9"]
[EventCountry "VIE"]
[SourceTitle "CBM 177 Extra"]
[Source "ChessBase"]
[SourceDate "2017.04.27"]
[SourceVersion "1"]
[SourceVersionDate "2017.04.27"]
[SourceQuality "1"]

1. e4 c5 2. Nf3 d6 3. d4 cxd4 4. Nxd4 Nf6 5. Nc3 a6 6. f3 e5 7. Nb3 Be7 8. Be3 Be6 9. Nd5 Bxd5 10. exd5 Nbd7 11. c4 Rc8 12. Be2 0-0 13. 0-0 Nb6 14. Rc1 Nfd7 15. Na5 Rb8 16. b4 Bg5 17. Qd2 Bxe3+ 18. Qxe3 Nc8 19. Rfd1 Ne7 20. Bd3 Qb6 21. Qxb6 Nxb6 22. g4 Rfc8 23. Be4 Nd7 24. c5 dxc5 25. d6 Ng6 26. Bxb7 Rxb7 27. Nxb7 Nf4 28. Kf1 c4 29. Nc5 Nb6 30. a4 Nbd5 31. Ke1 Nxb4 32. d7 Rd8 33. Rxc4 Nbd5 34. Nb7 Ne3 35. Rc8 1-0

[Event "Ho Chi Minh Pooltech op"]
[Site "Ho Chi Minh City"]
[Date "2017.01.15"]
[Round "8"]
[White "Vo, Kim Cang"]
[Black "Pham, Tran Gia Thu"]
[Result "0-1"]
[WhiteElo "1671"]
[BlackElo "1605"]
[PlyCount "62"]
[EventDate "2017.01.07"]
[EventType "swiss"]
[EventRounds "9"]
[EventCountry "VIE"]
[SourceTitle "CBM 176 Extra"]
[Source "ChessBase"]
[SourceDate "2017.03.02"]
[SourceVersion "1"]
[SourceVersionDate "2017.03.02"]
[SourceQuality "1"]

1. d4 f5 2. c4 g6 3. g3 Bg7 4. Bg2 Nf6 5. Nc3 0-0 6. Nf3 d6 7. 0-0 Qe8 8. b3 e5 9. dxe5 dxe5 10. e4 Nc6 11. Re1 fxe4 12. Ng5 Bg4 13. Qc2 Nd4 14. Qb1 Nf3+ 15. Bxf3 exf3 16. Ba3 e4 17. Bxf8 Qxf8 18. h3 Bf5 19. Qc1 h6 20. g4 hxg5 21. gxf5 Nh5 22. Rb1 Qxf5 23. Nxe4 Nf4 24. Re3 Ne2+ 25. Rxe2 fxe2 26. Ng3 Qd3 27. Nxe2 Qxe2 28. Qxg5 Rf8 29. Rf1 Qe4 30. Rd1 Bd4 31. Rd2 Bxf2+ 0-1

[Event "Ho Chi Minh Pooltech op"]
[Site "Ho Chi Minh City"]
[Date "2017.01.08"]
[Round "5"]
[White "Pham, Tran Gia Thu"]
[Black "Le, Phi Lan"]
[Result "1-0"]
[WhiteElo "1605"]
[BlackElo "1461"]
[PlyCount "69"]
[EventDate "2017.01.07"]
[EventType "swiss"]
[EventRounds "9"]
[EventCountry "VIE"]
[SourceTitle "CBM 176 Extra"]
[Source "ChessBase"]
[SourceDate "2017.03.02"]
[SourceVersion "1"]
[SourceVersionDate "2017.03.02"]
[SourceQuality "1"]

1. e4 c5 2. Nf3 g6 3. d4 cxd4 4. Nxd4 Bg7 5. Be3 Nc6 6. Nc3 Nf6 7. Be2 0-0 8. 0-0 d5 9. Nxc6 bxc6 10. e5 Nd7 11. f4 f6 12. Nxd5 fxe5 13. c3 Kh8 14. Nb4 Qc7 15. Qd2 Rb8 16. fxe5 Rxf1+ 17. Rxf1 Nxe5 18. Bh6 a5 19. Nd3 Nxd3 20. Bxd3 Bf6 21. Kh1 Qb6 22. b3 Be6 23. Qe2 c5 24. Bf4 Rd8 25. Bc4 Bf5 26. Qe3 Qc6 27. Re1 e6 28. a4 Kg7 29. Bb5 Qd5 30. Bc7 Rf8 31. Bxa5 Qxb3 32. Qxc5 Qc2 33. Bc6 Bh4 34. Rf1 Be4 35. Qxf8# 1-0

[Event "Asia-ch U12 Girls"]
[Site "Ulaanbaatar"]
[Date "2016.04.07"]
[Round "2"]
[White "Nurgali, Nazerke"]
[Black "Pham, Tran Gia Thu"]
[Result "0-1"]
[WhiteElo "1949"]
[BlackElo "1587"]
[PlyCount "134"]
[EventDate "2016.04.06"]
[EventType "swiss"]
[EventRounds "9"]
[EventCountry "MGL"]
[SourceTitle "EXT 2017"]
[Source "ChessBase"]
[SourceDate "2016.10.25"]
[SourceVersion "1"]
[SourceVersionDate "2016.10.25"]
[SourceQuality "1"]

1. d4 d5 2. Nf3 Nf6 3. c4 e6 4. Nc3 Nbd7 5. Bg5 Bb4 6. e3 c5 7. cxd5 exd5 8. Bd3 c4 9. Bxf6 Qxf6 10. Bc2 0-0 11. 0-0 Nb6 12. Ne5 Qe7 13. Qe2 f6 14. Nf3 Bg4 15. e4 Bxc3 16. bxc3 dxe4 17. Qxe4 Qxe4 18. Bxe4 Rab8 19. Rfe1 f5 20. Bc2 Bxf3 21. gxf3 Nd5 22. Re5 Nxc3 23. a4 Rbe8 24. Rae1 Rxe5 25. dxe5 g6 26. Kf1 Kf7 27. Rc1 Nd5 28. Bb1 Ke6 29. Rxc4 Kxe5 30. Rc5 b6 31. Rc6 Rd8 32. Ke1 Rd7 33. Rc4 Nf4 34. Bc2 Ne6 35. Bd1 Nc5 36. Bc2 Rd4 37. Rc3 Rh4 38. Re3+ Kd6 39. Ra3 a5 40. Ke2 Rxh2 41. Ke3 h5 42. Ra1 Rg2 43. Rb1 Kc7 44. Rh1 Kd6 45. Bd1 f4+ 46. Kxf4 Rxf2 47. Rg1 Rd2 48. Ke3 Rd3+ 49. Ke2 Rd4 50. Rxg6+ Kc7 51. Rg7+ Kc6 52. Rg6+ Kb7 53. Rg7+ Ka6 54. Rh7 h4 55. Ke1 Nxa4 56. Be2+ b5 57. Rh6+ Nb6 58. Rh5 Nc4 59. Rh6+ Kb7 60. Rh5 Kb6 61. Bd1 a4 62. Bc2 Ne3 63. Be4 a3 64. Rh6+ Ka5 65. Bb7 Kb4 66. Ra6 Kb3 67. Bc8 Nc4 0-1